A call to order : essays & reviews, 1954-1974 /

Saved in:
Bibliographic Details
Main Author: Stock, Noel, 1929-
Format: Book
Language:English
Published: Five Dock, N.S.W. : South Head Press, 1976.
Subjects:
LEADER 01122nam a2200313 a 4500
001 c000330682
003 CARM
005 20001008204412.0
008 771123s1976 at 000 0 eng d
010 |a 77375244 
019 1 |a 1063783  |z 9317580  |5 LACONCORD2021 
020 |a 0901760196 :  |c unpriced 
020 |a 0901760196 
035 |a (OCoLC)3541766  |5 LACONCORD2021 
040 |a ANB  |b eng  |c ANB  |d XNTU 
050 4 |a PR8275.T6  |b C2 
082 0 4 |a 821/.009 
082 0 4 |a 809/.1 
082 0 4 |a A824.3 
100 1 |a Stock, Noel,  |d 1929- 
245 1 2 |a A call to order :  |b essays & reviews, 1954-1974 /  |c by Noel Stock. 
260 |a Five Dock, N.S.W. :  |b South Head Press,  |c 1976. 
300 |a 140p. ;  |c 23cm. 
500 |a Poetry in English. Critical studies (ANB/PRECIS SIN 0111368) 
504 |a Includes bibliographical references. 
650 0 |a English poetry  |x History and criticism. 
852 8 |b CARM  |h A1:AM26B0  |i B09592  |p 0434768  |f BK 
999 f f |i a52cd38e-85db-5523-8e3e-e05901824172  |s 50e2bec1-d8d9-59d5-ae79-35ad3bb96616 
952 f f |p Can circulate  |a CAVAL  |b CAVAL  |c CAVAL  |d CARM 1 Store  |e B09592  |f A1:AM26B0  |h Other scheme  |i book  |m 0434768